000 01124nam a2200289Ia 4500
003 OSt
005 20221005105319.0
006 a|||||r|||| 00| 0
007 ta
008 221004b |||||||| |||| 00| 0 hin d
020 _a9788170547259 (hbk)
_cINR 950.00
024 _a37143
037 _b290, 18/01/2018, Eastern Book Linkers
_cTextual
040 _aCRL
_cCRL
_bhin
041 _2hin
_ahin
082 _aO152,1(Q22):g, Q7
100 _aरीता कुमारी
245 0 _aवैष्णव भक्ति मीरा और नारीवाद
246 _aVaiṣhṇav bhakti mīrā aur nārīvāda
260 _aनई दिल्ली
_bक्लासिकल पब्लिशिंग कम्पनी भारत
_c2017
300 _a287पृ0
_ccm.
650 _a हिन्दी आलोचना
650 _a हिन्दी साहित्य
650 _aहिन्दी कविता
942 _hO152,1(Q22):g, Q7
_cTEXL
_2cc
999 _c1015437
_d1015437